|
|
|
|
| LEADER |
01354nam a2200265 a 4500 |
| 001 |
000780880 |
| 003 |
CZ BrMZK |
| 005 |
20080404134559.0 |
| 008 |
020718s1909 xr f cze d |
| 015 |
|
|
|a cnb000370830
|
| 040 |
|
|
|a BOA001
|b cze
|c BOA001
|
| 041 |
1 |
|
|a cze
|h ger
|h scr
|
| 100 |
1 |
|
|a Trstenjak, Davorin,
|d 1817-1890
|7 jn20040128016
|4 aut
|
| 245 |
1 |
0 |
|a Přirození vychovatelé /
|c napsal Davorin Trstenjak ; z chorvatského přeložil Ad. Šustr
|
| 260 |
|
|
|a V Praze :
|b B. Kočí,
|c 1909
|
| 300 |
|
|
|a 68, 2 s.
|
| 501 |
|
|
|a Obsahuje přívazky: Výchova příkladem / Boh. Havlín. [V Praze : B.Kočí, 1910?]. 4 s. -- Národní hospodářství / K. J. Fuchs ; se svolením spisovatelovým přeložil Jaroslav Vystyd. V Praze : B. Kočí, 1910. 55 s. -- Něco o náboženství. [Praha : B. Kočí, 1910?]. 3s. -- Na asijském východě : jak bylo a jak bude? [Praha : B.Kočí, 1910?]. [4] s. -- Výchova naše a výchova Řeků. [V Praze] : B. Kočí, 1910?]. 4 s.
|
| 700 |
1 |
2 |
|a Fuchs, Karl Johannes,
|d 1865-1934.
|t Národní hospodářství
|
| 700 |
1 |
2 |
|a Havlín, Boh.
|t Výchova příkladem
|
| 910 |
|
|
|a BOA001
|b PK-II-0002.046
|
| 975 |
1 |
|
|a Fuchs, Karl Johannes,
|d 1865-1934
|4 aut
|
| 975 |
1 |
|
|a Havlín, Boh.
|4 aut
|
| 990 |
|
|
|a BK
|
| 993 |
|
|
|a Y
|
| 996 |
6 |
|
|b BC-219634
|c PK-II-0002.046
|l MZK
|r Sklad / do 1 hodiny
|n 0
|w 000780880
|u 000010
|a 1
|e BOA001
|j MZK50
|s P
|